000 00273nam a2200109Ia 4500
008 200302s9999 xx 000 0 und d
100 _aBoyken
245 _aOtto Ernst Schweizer : Milchhof, Nurnberg,Opus 59
260 _bAxel Menges, London
260 _c2006
300 _a60 P
999 _c4793
_d4793